| 000 | 01075nam a2200301 a 4500 | ||
|---|---|---|---|
| 008 | 951213s1978||||[C 0 slo c | ||
| 040 |
_aSNK _bslo _cSNK _eAACR2 |
||
| 041 | 1 |
_aslo _hslo |
|
| 044 |
_axo _cSK |
||
| 080 | _a392:352(082) | ||
| 080 | _a352(082) | ||
| 080 | _a885.4-1 | ||
| 100 | 1 |
_aMravík, Jozef _4aut |
|
| 245 | 1 | 0 |
_aPremeny _bZborom pre občianske záležitosti _cJozef Mravík ; Ladislav Matušek, Bohuš Kuchar, Štefan Kopčan, Miroslav Irša, Štefan Varjú, Jozef Mravík, Tibor Hrabovský, František Šubín, Dušan Stopiak |
| 260 |
_aBratislava _bObzor _aS.l. _bSlov. radu ZPOZ pri MK SSR v Bratislave [vyd.] _c1978 _eKošice _fVýchodoslovenské tlačiarne |
||
| 300 | _bFot. Noty. | ||
| 700 | 1 |
_aMatušek, Ladislav _4aut |
|
| 700 | 1 |
_aKuchar, Bohuš _4aut |
|
| 700 | 1 |
_aKopčan, Štefan _4aut |
|
| 700 | 1 |
_aIrša, Miroslav _4aut |
|
| 700 | 1 |
_aVarjú, Štefan _4aut |
|
| 700 | 1 |
_aMravík, Jozef _4com |
|
| 700 | 1 |
_aHrabovský, Tibor _4bkd |
|
| 700 | 1 |
_aŠubín, František _4bkd |
|
| 700 | 1 |
_aStopiak, Dušan _4bkd |
|
| 020 | _c60 | ||
| 958 | _aA | ||
| 999 |
_c19739 _d19739 |
||